Statistics for All 10K+ Urban Areas of Australia with a Map

Click here to take the quiz!

General Stats

  • This quiz has been taken 85 times
  • The average score is 40 of 102

Answers on the Map

Answers color-coded by a green-red scale on the quiz's map according to % correct below.
 

Answer Stats

PopulationCity% Correct
4,892,217Sydney
97%
4,929,201Melbourne
92%
1,399,088Adelaide
90%
2,545,882Brisbane
88%
2,205,223Perth
88%
135,982Darwin
85%
517,811Newcastle–Maitland
85%
28,922Alice Springs
82%
716,186Gold Coast–Tweed Heads
82%
252,693Hobart
82%
493,435Canberra–Queanbeyan
80%
158,178Cairns
78%
397,205Sunshine Coast
72%
295,077Geelong
70%
309,345Wollongong
70%
184,313Townsville
67%
93,575Launceston
63%
86,890Mackay
62%
98,607Albury–Wodonga
58%
103,733Bendigo
58%
114,103Ballarat
57%
146,955Toowoomba
57%
15,774Broome
55%
75,883Bundaberg
55%
18,693Mount Isa
55%
75,016Coffs Harbour
52%
81,130Rockhampton
52%
36,577Albany
48%
57,368Wagga Wagga
48%
10,869Byron Bay
47%
51,154Port Macquarie
47%
345,481Central Coast
45%
30,443Kalgoorlie–Boulder
45%
54,280Shepparton–Mooroopna
45%
53,948Mildura–Buronga
43%
41,299Dubbo
42%
44,947Tamworth
42%
80,106Bunbury
40%
32,757Devonport
40%
42,351Orange
40%
16,580Port Hedland
40%
59,678Hervey Bay
38%
28,633Lismore
38%
37,856Bathurst
37%
17,567Broken Hill
37%
12,536Esperance
37%
40,666Geraldton
37%
30,441Mount Gambier
37%
14,130Port Augusta
37%
35,847Warrnambool
37%
24,155Armidale
35%
46,400Gladstone
35%
46,651Ballina
33%
28,648Burnie–Somerset
33%
43,462Traralgon–Morwell
33%
21,799Whyalla
33%
23,162Gympie
32%
28,010Maryborough
32%
26,666Taree
32%
19,942Wangaratta
32%
42,786Busselton
30%
14,639Emerald
30%
22,730Echuca–Moama
28%
16,920Port Lincoln
28%
14,214Port Pirie
28%
19,431Grafton
27%
20,510Griffith
27%
18,229Karratha
27%
15,141Airlie Beach-Cannonvale
25%
24,829Goulburn
25%
16,919Horsham
25%
22,022Moe–Newborough
25%
11,157Portland
25%
15,303Sale
25%
15,901Warwick
25%
21,193Yeppoon
25%
19,067Murray Bridge
23%
11,020Swan Hill
23%
25,595Bacchus Marsh
22%
15,761Bairnsdale
22%
10,779Kingaroy
22%
39,418Nowra–Bomaderry
22%
29,428Victor Harbor–Goolwa
22%
16,013Kempsey
20%
12,615Colac
18%
20,976Forster–Tuncurry
18%
28,515Nelson Bay
18%
17,588Batemans Bay
17%
15,503Ulverstone
17%
44,265Warragul–Drouin
17%
41,699Bowral–Mittagong
15%
17,415Singleton
15%
11,329Castlemaine
13%
22,543Gisborne
13%
12,367Lithgow
13%
12,559Mudgee
13%
12,405Muswellbrook
13%
28,586Morisset–Cooranbong
12%
17,196Ulladulla
10%
18,633Camden Haven
7%
15,532Medowie
7%
20,292St Georges Basin–Sanctuary Point
7%

Score Distribution

Percentile by Number Answered

Percent of People with Each Score

Your Score History

You have not taken this quiz